000 00541nam a2200193Ia 4500
005 20250326141704.0
008 250326s9999 xx 000 0 und d
020 _a81-212-0252-3
037 _aTextbook
040 _aFMSL
_beng
_cFMSL
041 _aeng
_2eng
084 _aXN.4418 M9
_qFMSL
100 _aSinha Shantha
_9744899
245 0 _aMasists in Anadhra Pradesh
_cSinha Shantha
260 _aNew Delhi
_bNew Delhi, Gian Pub. House
_c1989
300 _a335p
942 _cTB
_hXN.4418 M9
999 _c1291503
_d1291503